KOHA-Header-6

The Analysis And Use of Financial Statements (Record no. 946)

000 -LEADER
fixed length control field 00403nam a2200133Ia 4500
008 - FIXED-LENGTH DATA ELEMENTS--GENERAL INFORMATION
fixed length control field 190722s9999 xx 000 0 und d
020 ## - INTERNATIONAL STANDARD BOOK NUMBER
International Standard Book Number 978-81-265-1022-1
100 ## - MAIN ENTRY--PERSONAL NAME
Personal name White, Sondhi, Fried
245 #4 - TITLE STATEMENT
Title The Analysis And Use of Financial Statements
260 ## - PUBLICATION, DISTRIBUTION, ETC. (IMPRINT)
Place of publication, distribution, etc New Delhi (India)
Name of publisher, distributor, etc Wiley India PVt. Ltd. / John Wiley & Sons (Asia) Pte. Ltd.
Date of publication, distribution, etc 2015
300 ## - PHYSICAL DESCRIPTION
Extent 770p.:
942 ## - ADDED ENTRY ELEMENTS (KOHA)
Koha item type Books
942 ## - ADDED ENTRY ELEMENTS (KOHA)
Edition
Holdings
Withdrawn status Lost status Source of classification or shelving scheme Damaged status Not for loan Collection code Permanent Location Current Location Shelving location Date acquired Full call number Barcode Date last seen Price effective from Koha item type
        Not For Loan Finance MAJU MAJU Shelf No.A38 REF 2019-07-22 658.827 7571 2020-01-10 2019-07-22 Finance

Powered by Koha